000 00481nam a2200157 i 4500
001 21704
003 ES-MaACL
005 20230906152529.0
007 t|
008 021127s1907 sp ||||1| spa d
100 1 _aAlburquerque, Antonio de.
_919430
245 1 3 _aEl Marqués de Bacalloa
_b: escándalos de la Corte de Portugal /
_cAntonio de Alburquerque.
260 _aBarcelona :
_b[s.n.],
_c1907 (
_fF. Granada y Cª)
300 _a286 p. ;
_c20 cm.
852 _aES-MaACL
_jD-2475
999 _c21704
_d21704